00867nam a2200241Ia 4500003000400000005001700004008004100021020001800062040001800080041000800098082002100106100002400127245012300151250001200274260003400286300001300320650002200333650003100355650002700386942003000413999001900443952016300462OSt20240628145138.0210716s2017 xx 000 0 und d a9781510728400 cAIMIT LIBRARY aeng a374.22 21bRAKJ aRake, Jude.9171949 aBridge to growth : bhow servant leaders achieve better results and why it matters now more than ever /cBy Jude Rake. a1st ed. aNew York ;c2017.bSkyhorse , axxii,146 2Fire in the belly aThe havey lifiting9171950 aThe foundation9171951 2ddccBKe1stk374.22 RAKJ c210435d210435 00102ddc40708MBAaAIMITbAIMITd2018-03-01g699.00iill no:4299; Bill dt:2018-02-22l0o374.22 RAKJpMBA13003r2026-05-23 00:00:00v524.25w2021-07-16yBK